| 000 | 00860nas a2200241 454500 | ||
|---|---|---|---|
| 001 | 20320 | ||
| 005 | 20260407193506.0 | ||
| 008 | 260407s1970####ag###########|||spa#d | ||
| 003 | AR-UNSa-BCEJYS | ||
| 040 |
_aAR-UNSa-BCEJYS _bspa _cAR-UNSa-BCEJYS |
||
| 080 |
_a330 _xEconomía en general |
||
| 245 | 1 | 0 |
_aEconomics _pa biannual collection of recent german contributions to the field of economic science |
| 022 | _a0341-616X | ||
| 264 | 1 |
_aTübingen : _bInstitute for Scientific Co-operation _c1970 |
|
| 310 | _aFrecuencia: semestral | ||
| 942 | _cSER | ||
| 590 | _aniveau_biblio:s niveau_hierar:1 | ||
| 100 | 1 | _aInstitute for Scientific Co-operation | |
| 650 | _aPolítica de desarrollo | ||
| 650 | _aInvestigación económica | ||
| 650 | _aECONOMIA | ||
| 856 | 4 | 1 |
_uhttps://biblioeco.unsa.edu.ar/pmb/images/revistas/Economics.jpg _yImagen de portada _qimage/jpeg |
| 999 |
_c8540 _d8540 |
||